Statystyki dla Randomowe Flagi

Kliknij tutaj aby rozwiązać quiz!

Ogólne statystyki

  • Ten quiz został rozwiązany 68 razy
  • Średni wynik to 11 z 16

Statystyki odpowiedzi

Odpowiedź% Poprawnych
Albania
100%
Algieria
87%
Seszele
82%
Angola
78%
Paragwaj
75%
Uzbekistan
73%
Boliwia
70%
Dominika
70%
Fidżi
70%
Mozambik
68%
Kuwejt
60%
Republika środkowoafrykańska
58%
Trynidad i tobago
58%
Saint Lucia
57%
Brunei
55%
Grenada
45%

Rozkład punktacji

Percentyl według liczby udzielonych odpowiedzi

Procent ludzi z każdym wynikiem

Twoja historia wyników

Nie rozwiązałeś tego quizu